000 00592nam a2200181Ia 4500
003 GCL
008 140319s9999 xx 000 0 ara d
040 _aGCL /
_cGCL
082 0 4 _a814
_bم ب
100 1 _aمحمد بركات حمدى ابو على
245 1 0 _aبحوث ومقالات فى البيان والنقد الادبى /
_cمحمد بركات حمدى ابو على
300 _a380 ص
490 _aكتاب
_v0
650 0 4 _aالبلاغة
650 0 4 _aالادب العربى - مقالات
650 0 4 _aالادب العربى - تاريخ ونقد
942 _2ddc
_cBK
999 _c42334
_d42334